|
|
|
|
| LEADER |
01394nam a2200385 a 4500 |
| 001 |
EBC1441761 |
| 003 |
MiAaPQ |
| 005 |
20200520144314.0 |
| 006 |
m o d | |
| 007 |
cr cn||||||||| |
| 008 |
130523s2013 njuad sb 001 0 eng d |
| 010 |
|
|
|z 2013019671
|
| 020 |
|
|
|z 9781118659533 (cloth/website)
|
| 020 |
|
|
|a 9781118659601 (electronic bk.)
|
| 035 |
|
|
|a (MiAaPQ)EBC1441761
|
| 035 |
|
|
|a (Au-PeEL)EBL1441761
|
| 035 |
|
|
|a (CaPaEBR)ebr10748674
|
| 035 |
|
|
|a (CaONFJC)MIL511758
|
| 035 |
|
|
|a (OCoLC)844775015
|
| 040 |
|
|
|a MiAaPQ
|c MiAaPQ
|d MiAaPQ
|
| 050 |
|
4 |
|a HG4651
|b .L33 2013
|
| 082 |
0 |
4 |
|a 332.63/23
|2 23
|
| 100 |
1 |
|
|a Lack, Simon,
|d 1962-
|
| 245 |
1 |
0 |
|a Bonds are not forever
|h [electronic resource] :
|b the crisis facing fixed income investors /
|c Simon A. Lack.
|
| 260 |
|
|
|a Hoboken, N.J. :
|b John Wiley & Sons, Inc.,
|c 2013.
|
| 300 |
|
|
|a xiv, 226 p. :
|b col. ill.
|
| 504 |
|
|
|a Includes bibliographical references and index.
|
| 533 |
|
|
|a Electronic reproduction. Ann Arbor, MI : ProQuest, 2015. Available via World Wide Web. Access may be limited to ProQuest affiliated libraries.
|
| 650 |
|
0 |
|a Bonds.
|
| 650 |
|
0 |
|a Fixed-income securities.
|
| 650 |
|
0 |
|a Investments.
|
| 650 |
|
0 |
|a Capital market.
|
| 655 |
|
4 |
|a Electronic books.
|
| 710 |
2 |
|
|a ProQuest (Firm)
|
| 856 |
4 |
0 |
|u https://ebookcentral.proquest.com/lib/matrademy/detail.action?docID=1441761
|z Click to View
|